[Event "London Classic op U1750 11th"]
[Site "London"]
[Date "2019.12.02"]
[Round "1"]
[White "Goldsmith, Jennifer"]
[Black "Baroukh, Leon"]
[Result "0-1"]
[WhiteElo "1366"]
[BlackElo "1630"]
[PlyCount "100"]
[EventDate "2019.12.02"]
[EventType "swiss"]
[EventRounds "5"]
[EventCountry "ENG"]
[SourceTitle "CBM 195 Extra"]
[Source "ChessBase"]
[SourceDate "2020.05.31"]
[SourceVersion "1"]
[SourceVersionDate "2020.05.31"]
[SourceQuality "1"]

1. d4 d5 2. Nf3 Nf6 3. Bf4 Bf5 4. Nbd2 e6 5. h3 Be7 6. e3 0-0 7. Be2 c5 8. c3 Nc6 9. 0-0 h6 10. Re1 Re8 11. Rc1 a6 12. a4 c4 13. Ra1 b5 14. axb5 axb5 15. Rxa8 Qxa8 16. Qa1 b4 17. Ne5 Nxe5 18. Bxe5 Ne4 19. Nxe4 Bxe4 20. Bg3 Qb7 21. Rd1 Ra8 22. Qc1 Ra2 23. Rd2 Qa7 24. Qe1 Qa5 25. f3 Bb1 26. Kh2 bxc3 27. bxc3 Rc2 28. Rxc2 Bxc2 29. Qd2 Bb3 30. f4 Qa1 31. Bf3 f5 32. Bf2 Ba3 33. Be1 Qc1 34. Kg3 g6 35. Qxc1 Bxc1 36. Kf2 Bc2 37. g4 Kf7 38. gxf5 Bxf5 39. Bg2 Bd3 40. Bf3 h5 41. h4 Kf6 42. Bd1 Kf5 43. Bf3 Bc2 44. Be2 Kf6 45. Bf3 Ke7 46. Be2 Kd6 47. Bf3 Kc6 48. Ke2 Kb5 49. Bd2 Bb2 50. Ke1 Ka4 0-1

[Event "London Classic U1825 op 10th"]
[Site "London"]
[Date "2018.12.16"]
[Round "5"]
[White "Bazilius, Augustinas"]
[Black "Baroukh, Leon"]
[Result "1/2-1/2"]
[WhiteElo "1439"]
[BlackElo "1634"]
[PlyCount "93"]
[EventDate "2018.12.14"]
[EventType "swiss"]
[EventRounds "5"]
[EventCountry "ENG"]
[SourceTitle "CBM 187 Extra"]
[Source "ChessBase"]
[SourceDate "2018.11.04"]
[SourceVersion "1"]
[SourceVersionDate "2018.11.04"]
[SourceQuality "1"]

1. d4 d5 2. c4 c6 3. cxd5 cxd5 4. Nc3 e6 5. Bf4 Bd6 6. Bxd6 Qxd6 7. e3 Bd7 8. Nf3 Ne7 9. Bd3 0-0 10. 0-0 f5 11. Ne5 a6 12. f4 Nbc6 13. a3 Nxe5 14. fxe5 Qb6 15. Qe2 Be8 16. h4 Ng6 17. Qf2 h5 18. g3 Rc8 19. Rfc1 Qd8 20. Ne2 Rf7 21. Nf4 Nxf4 22. exf4 Rfc7 23. Qd2 Rc6 24. Rxc6 Bxc6 25. Rc1 Qb6 26. Be2 g6 27. Kf2 Kf7 28. Ke3 Ke8 29. Rc3 Kd7 30. Qc1 Qa7 31. Rc5 b6 32. Rc3 b5 33. b4 Qb6 34. Bd1 Ra8 35. Be2 a5 36. Bd3 axb4 37. axb4 Ra4 38. Rb3 Qa7 39. Qc3 Ra2 40. Rb2 Ra3 41. Rb3 Rxb3 42. Qxb3 Qa1 43. Bb1 Qa4 44. Bc2 Kc7 45. Kd3 Qa1 46. Bb1 Kb6 47. Ke3 1/2-1/2

[Event "London Classic op U1750 8th"]
[Site "London"]
[Date "2016.12.13"]
[Round "2"]
[White "Lee, Alexander"]
[Black "Baroukh, Leon"]
[Result "0-1"]
[WhiteElo "1195"]
[BlackElo "1672"]
[PlyCount "78"]
[EventDate "2016.12.12"]
[EventType "swiss"]
[EventRounds "5"]
[EventCountry "ENG"]
[SourceTitle "EXT 2019"]
[Source "ChessBase"]
[SourceDate "2018.10.10"]
[SourceVersion "1"]
[SourceVersionDate "2018.10.10"]
[SourceQuality "1"]

1. e4 e5 2. Nf3 Nf6 3. Nxe5 d6 4. Nf3 Nxe4 5. d4 d5 6. Nc3 Bg4 7. Be2 Bb4 8. Bd2 0-0 9. 0-0 Re8 10. Bd3 Nxd2 11. Qxd2 Bxf3 12. gxf3 Qh4 13. f4 Nc6 14. a3 Ba5 15. b4 Bb6 16. Nxd5 Qg4+ 17. Kh1 Qf3+ 18. Kg1 Qxd5 19. c3 Bxd4 20. cxd4 Nxd4 21. f3 Nxf3+ 22. Rxf3 Qxf3 23. Rf1 Qe3+ 24. Qxe3 Rxe3 25. Rd1 g6 26. f5 Rd8 27. fxg6 Rexd3 28. gxf7+ Kxf7 29. Rf1+ Kg6 30. Kg2 Rxa3 31. Re1 Rd2+ 32. Kh1 Raa2 33. Rg1+ Kf5 34. Rf1+ Ke4 35. Re1+ Kf3 36. Kg1 Rg2+ 37. Kh1 Rxh2+ 38. Kg1 Rag2+ 39. Kf1 Rh1# 0-1

[Event "London Golders Green op U1900 5th"]
[Site "London"]
[Date "2015.01.18"]
[Round "5"]
[White "Lovell, William Pm"]
[Black "Baroukh, Leon"]
[Result "0-1"]
[WhiteElo "1465"]
[BlackElo "1592"]
[PlyCount "84"]
[EventDate "2015.01.17"]
[EventType "swiss"]
[EventRounds "5"]
[EventCountry "ENG"]
[SourceTitle "EXT 2018"]
[Source "ChessBase"]
[SourceDate "2017.10.13"]
[SourceVersion "1"]
[SourceVersionDate "2017.10.13"]
[SourceQuality "1"]

1. e4 e5 2. Nf3 Nf6 3. Nc3 Nc6 4. d4 exd4 5. Nxd4 Bb4 6. Nxc6 Bxc3+ 7. bxc3 bxc6 8. Bg5 Qe7 9. f3 Qe5 10. Qd2 Nd5 11. a4 Rb8 12. Be2 Qxc3 13. Qxc3 Nxc3 14. Kd2 Nxe2 15. Kxe2 0-0 16. Rhb1 Ba6+ 17. Kd2 c5 18. Bf4 d6 19. c3 Rbd8 20. Kc2 Rfe8 21. Rd1 f6 22. Rd2 Bb7 23. Rad1 Bc6 24. a5 Ba4+ 25. Kb2 Bxd1 26. Rxd1 Rb8+ 27. Kc2 Rb5 28. Ra1 Reb8 29. Bc1 g5 30. h3 Kf7 31. g4 Re8 32. Kd3 Reb8 33. Kc2 c6 34. a6 Ke6 35. Ba3 Ra5 36. Bb2 Rxa1 37. Bxa1 Rb6 38. c4 Rxa6 39. Bb2 d5 40. exd5+ cxd5 41. cxd5+ Kxd5 42. Bxf6 Rxf6 0-1

[Event "London Golders Green op U1900 5th"]
[Site "London"]
[Date "2015.01.17"]
[Round "3"]
[White "Chauhan, Anurag Singh"]
[Black "Baroukh, Leon"]
[Result "1/2-1/2"]
[WhiteElo "1646"]
[BlackElo "1592"]
[PlyCount "73"]
[EventDate "2015.01.17"]
[EventType "swiss"]
[EventRounds "5"]
[EventCountry "ENG"]
[SourceTitle "EXT 2018"]
[Source "ChessBase"]
[SourceDate "2017.10.13"]
[SourceVersion "1"]
[SourceVersionDate "2017.10.13"]
[SourceQuality "1"]

1. e4 e5 2. Nf3 Nf6 3. Nxe5 Qe7 4. Nf3 Qxe4+ 5. Qe2 Bc5 6. d4 Bb6 7. Bg5 Qxe2+ 8. Bxe2 Ne4 9. Be3 d5 10. Nbd2 Bg4 11. c3 0-0 12. 0-0 Re8 13. Bd3 Nxd2 14. Nxd2 Nd7 15. Rfe1 c6 16. Bf4 h6 17. h3 Bh5 18. Nf1 f6 19. Ng3 Bf7 20. Nf5 Re6 21. Rxe6 Bxe6 22. Re1 Nf8 23. Bd6 Rd8 24. Bxf8 Bxf5 25. Bxf5 Kxf8 26. Bg6 c5 27. dxc5 Bxc5 28. Kf1 d4 29. cxd4 Bxd4 30. b3 Bc5 31. Rc1 Bb6 32. a3 Ke7 33. h4 Rd2 34. Re1+ Kd6 35. Re2 Rd1+ 36. Re1 Rd2 37. Re2 1/2-1/2

[Event "Hampstead op U2200 12"]
[Site "Hampstead"]
[Date "2013.12.21"]
[Round "3"]
[White "Baroukh, Leon"]
[Black "Barasi, Paul Dl"]
[Result "1/2-1/2"]
[WhiteElo "1826"]
[BlackElo "1914"]
[PlyCount "104"]
[EventDate "2013.12.21"]
[EventType "swiss"]
[EventRounds "5"]
[EventCountry "ENG"]
[SourceTitle "EXT 2015"]
[Source "ChessBase"]
[SourceDate "2014.11.20"]
[SourceVersion "1"]
[SourceVersionDate "2014.11.20"]
[SourceQuality "1"]

1. c4 Nc6 2. Nc3 e5 3. Nf3 f5 4. d3 Nf6 5. b3 d5 6. e3 Bb4 7. Bd2 0-0 8. Nxd5 Bxd2+ 9. Qxd2 e4 10. dxe4 fxe4 11. Nd4 Ne5 12. h3 Nxd5 13. cxd5 Qxd5 14. Qc2 Qa5+ 15. Kd1 c5 16. b4 Qxb4 17. Qb3+ Qxb3+ 18. Nxb3 c4 19. Nd2 Be6 20. Nxe4 Bd5 21. Nc3 Rad8 22. Ke1 Nd3+ 23. Bxd3 cxd3 24. f3 d2+ 25. Kf2 Bc6 26. a4 Rd3 27. Ne2 Re8 28. Rhd1 Rexe3 29. Ra2 Ra3 30. Rdxd2 Bxa4 31. Nd4 Rec3 32. Rab2 b6 33. Nf5 Rd3 34. Re2 Rd7 35. Re4 g6 36. Ne7+ Kg7 37. Rbe2 Bb5 38. Re1 Ra2+ 39. Kg3 Rdd2 40. Rg1 Ba4 41. Nc8 Bc2 42. Re7+ Kf6 43. Rxh7 a5 44. Nxb6 a4 45. Re1 Bf5 46. Rg1 a3 47. Nc4 Rd4 48. Rc1 Be6 49. Rc7 Bxc4 50. R7xc4 Rdd2 51. Rg1 Rab2 52. Ra4 a2 1/2-1/2

[Event "Hampstead op U2200 12"]
[Site "Hampstead"]
[Date "2013.12.21"]
[Round "1"]
[White "Olutola, Taiwo"]
[Black "Baroukh, Leon"]
[Result "0-1"]
[WhiteElo "1503"]
[BlackElo "1826"]
[PlyCount "116"]
[EventDate "2013.12.21"]
[EventType "swiss"]
[EventRounds "5"]
[EventCountry "ENG"]
[SourceTitle "EXT 2015"]
[Source "ChessBase"]
[SourceDate "2014.11.20"]
[SourceVersion "1"]
[SourceVersionDate "2014.11.20"]
[SourceQuality "1"]

1. Nf3 Nf6 2. d4 d5 3. e3 e6 4. c4 c6 5. Nc3 Bb4 6. Bd2 0-0 7. Bd3 Nbd7 8. 0-0 b6 9. a3 Bxc3 10. Bxc3 Bb7 11. Rc1 c5 12. Qe2 Re8 13. Rfe1 Qc7 14. h3 Re7 15. Nh2 Rae8 16. f4 dxc4 17. Bxc4 Ne4 18. Bd3 Ndf6 19. Ng4 Qb8 20. Nxf6+ Nxf6 21. dxc5 Nd5 22. Be5 Qa8 23. cxb6 Nxb6 24. Qg4 f5 25. Qg5 Nd7 26. Bd4 Rf7 27. Rc7 Ree7 28. Rec1 h6 29. Qg3 Kh7 30. a4 Nf6 31. Rxe7 Rxe7 32. Rc2 Qe8 33. b3 Qh5 34. Be2 Qe8 35. Kh2 Qb8 36. Qh4 Rf7 37. Bc4 Bd5 38. Bxd5 Nxd5 39. Rb2 Qd6 40. Qe1 Nxf4 41. Qg3 e5 42. Bc3 Ng6 43. h4 f4 44. exf4 Rxf4 45. Qe3 e4 46. Kg1 Rxh4 47. g3 Rg4 48. Be1 Ne5 49. Kg2 Nd3 50. Rb1 Nxe1+ 51. Rxe1 Qe5 52. Re2 h5 53. Kh3 Qf5 54. Kh2 h4 55. gxh4 Rxh4+ 56. Kg1 Qh5 57. Rg2 Rh1+ 58. Kf2 Qf5+ 0-1

[Event "London Classic op-A U2000 5th"]
[Site "London"]
[Date "2013.12.13"]
[Round "5"]
[White "Baroukh, Leon"]
[Black "Strachan, Gavin I"]
[Result "1/2-1/2"]
[WhiteElo "1824"]
[BlackElo "1872"]
[PlyCount "42"]
[EventDate "2013.12.09"]
[EventType "swiss"]
[EventRounds "5"]
[EventCountry "ENG"]
[SourceTitle "EXT 2016"]
[Source "ChessBase"]
[SourceDate "2015.10.08"]
[SourceVersion "1"]
[SourceVersionDate "2015.10.08"]
[SourceQuality "1"]

1. c4 g6 2. d4 Bg7 3. e3 d6 4. g3 f5 5. Bg2 Nh6 6. Qb3 c6 7. Nc3 e5 8. Nge2 0-0 9. dxe5 dxe5 10. 0-0 Qe7 11. h3 Be6 12. Qa4 Nd7 13. b3 e4 14. Qa3 Qf7 15. Qb2 Ne5 16. Nf4 Nf3+ 17. Bxf3 exf3 18. Nxe6 Qxe6 19. Kh2 Ng4+ 20. Kg1 Ne5 21. Kh2 Ng4+ 1/2-1/2